000 00323nam a22001337a 4500
008 170829b xxu||||| |||| 00| 0 eng d
020 _a9780801330278
041 _aeng
080 _24TH
_a070
100 _a39
101 _aMED
245 _aGLOBAL JOURNALISM TOPICAL ISSUES AND MEDIA SYSTEMS
_cBEER,A.S
942 _2udc
_cBK
999 _c25238
_d25238